[Event "RSA-ch U10 Girls"]
[Site "Gauteng"]
[Date "2017.04.08"]
[Round "7"]
[White "Bruintjies, Hailey Carla"]
[Black "Frosler, Jordan"]
[Result "1/2-1/2"]
[WhiteElo "988"]
[BlackElo "847"]
[PlyCount "29"]
[EventDate "2017.04.05"]
[EventType "swiss"]
[EventRounds "11"]
[EventCountry "RSA"]
[SourceTitle "CBM 177 Extra"]
[Source "ChessBase"]
[SourceDate "2017.04.27"]
[SourceVersion "1"]
[SourceVersionDate "2017.04.27"]
[SourceQuality "1"]

1. d4 d5 2. Nf3 Nc6 3. e3 Nf6 4. Bb5 Bd7 5. Nbd2 e6 6. b3 Bd6 7. Bb2 Qe7 8. Qe2 a6 9. Bd3 e5 10. dxe5 Nxe5 11. 0-0 Rg8 12. c4 Nxd3 13. Qxd3 Bc6 14. cxd5 Bxd5 15. e4 1/2-1/2